000 00411nam a2200157 i 4500
001 81454
003 ES-MaACL
005 20230906174435.0
007 t|
008 041104s1909 fr ||||1| fre d
100 1 _aHuret, Jules.
_964764
245 1 0 _aEn Allemagne
_b: Berlin /
_cJules Huret.
260 _aParis :
_b[s.n.],
_c1909 (
_fImp. ReuniƩs)
300 _a400 p. ;
_c18 cm.
852 _aES-MaACL
_jD-2894
999 _c81454
_d81454